Sóng tiếng Chày Tản văn - Chân dung phê bình tiểu luận
Zapisane w:
| 1. autor: | |
|---|---|
| Format: | Książka |
| Język: | Undetermined |
| Wydane: |
H.
Hội Nhà văn
2019
|
| Hasła przedmiotowe: | |
| Dostęp online: | http://lrc.tdmu.edu.vn/opac/search/detail.asp?aID=2&ID=41014 |
| Etykiety: |
Dodaj etykietę
Nie ma etykietki, Dołącz pierwszą etykiete!
|
| Thư viện lưu trữ: | Trung tâm Học liệu Trường Đại học Thủ Dầu Một |
|---|
| LEADER | 00753nam a2200205Ia 4500 | ||
|---|---|---|---|
| 001 | TDMU_41014 | ||
| 008 | 210410s9999 xx 000 0 und d | ||
| 082 | |a 895.9223014 | ||
| 090 | |b Y600 | ||
| 100 | |a Y, Phương | ||
| 245 | 0 | |a Sóng tiếng Chày | |
| 245 | 0 | |b Tản văn - Chân dung phê bình tiểu luận | |
| 245 | 0 | |c Y Phương | |
| 260 | |a H. | ||
| 260 | |b Hội Nhà văn | ||
| 260 | |c 2019 | ||
| 300 | |a 927 tr. | ||
| 650 | |a Văn học hiện đại |x Văn học Việt Nam |v Tản văn; Tản văn |x Văn học |z Việt Nam; Phê bình văn học |x Tản văn | ||
| 856 | |u http://lrc.tdmu.edu.vn/opac/search/detail.asp?aID=2&ID=41014 | ||
| 980 | |a Trung tâm Học liệu Trường Đại học Thủ Dầu Một | ||